| 000 | 01543nam a22003257a 4500 | ||
|---|---|---|---|
| 003 | DO-SdBNP | ||
| 005 | 20240411074018.0 | ||
| 007 | ta | ||
| 008 | 201119b 2018 dr j 00| 0 eng d | ||
| 020 | _a9789945443622 (serie) | ||
| 020 | _a9789945582628 (v. 246) | ||
| 040 |
_aDO-SdBNP _bspa _cBNPHU |
||
| 082 | 4 |
_aRD863.5 _bM343c _222 |
|
| 100 | 1 |
_aMarizán, Narda _977312 |
|
| 245 | 1 | 0 |
_aCon ojos de mariposa : _bcuentos / _cNarda Marizán ; prólogo Luis Martín Gómez. |
| 260 |
_aSanto Domingo : _bBanco Central de la República Dominicana, _c2018. |
||
| 300 |
_a105 p. ; _c23 cm. |
||
| 490 | 1 |
_aBanco Central de la República Dominicana _v246 |
|
| 490 | 1 |
_aObras premiadas _v88 |
|
| 500 | _aIncluye datos biográficos de la autora en las solapas | ||
| 505 | 0 |
_tPrólogo -- _tCura en salud -- _tCronología de un autoataque -- _tMi otro yo -- _tReflexiones -- _tEl diario secreto -- _tSin premeditación y con saña -- _tCada cosa como debe ser -- _tLocura en secuencia -- _tSemilla de duda -- _tEn un abrir y cerrar de ojos -- _tIgual que cuando murió mi abuelita -- _tDeja vu -- _tEl milagros de las cenizas -- _tColección del Banco Central de Repúlica Dominicana. |
|
| 590 | _aInventariado, 2020 /LP | ||
| 650 | 1 | 0 |
_aCuentos dominicanos _9176 |
| 650 | 1 | 4 |
_aLiteratura dominicana _978577 |
| 700 | 1 |
_aMartín Gómez, Luis, _d1962- _eprólogo _923176 |
|
| 830 | 0 |
_977313 _aBanco Central de la República Dominicana _n246 |
|
| 830 | 0 |
_aObras premiadas _n88 _980998 |
|
| 910 | _aLopérez /Validado. Control de calidad MFF | ||
| 942 |
_2ddc _cLBS1 |
||
| 999 |
_c49154 _d49154 |
||